| 000 -LEADER |
| fixed length control field |
01045nam a22002057a 4500 |
| 005 - DATE AND TIME OF LATEST TRANSACTION |
| control field |
20260128080957.0 |
| 008 - FIXED-LENGTH DATA ELEMENTS--GENERAL INFORMATION |
| fixed length control field |
260128b ||||| |||| 00| 0 eng d |
| 020 ## - INTERNATIONAL STANDARD BOOK NUMBER |
| International Standard Book Number |
9780241417447 |
| 040 ## - CATALOGING SOURCE |
| Transcribing agency |
KH8 |
| 082 ## - DEWEY DECIMAL CLASSIFICATION NUMBER |
| Classification number |
823.92 |
| 100 ## - MAIN ENTRY--PERSONAL NAME |
| Personal name |
Tooke,Hana |
| Relator term |
Author |
| 245 ## - TITLE STATEMENT |
| Title |
They called them the UNADOPTABLES |
| Remainder of title |
but families come in all shapes and sizes |
| 260 ## - PUBLICATION, DISTRIBUTION, ETC. |
| Place of publication, distribution, etc. |
One Embassy Gardens,New Union Square,5 Nine Elms Lane,London SW8 5DA |
| Name of publisher, distributor, etc. |
Penguin Random House |
| Date of publication, distribution, etc. |
2021 |
| 300 ## - PHYSICAL DESCRIPTION |
| Extent |
386 pages |
| Other physical details |
b illustration |
| Dimensions |
13cm x 20cm |
| 520 ## - SUMMARY, ETC. |
| Summary, etc. |
In all the years that Elinora Gassbeek has been matron of the Little Tulip Orphanage, not once have the Rules for Baby Abandonment been broken. Until the autumn of 1880, when five babies are left in outrageous circumstances; one in a tin toolbox, one in a coal bucket, one in a picnic hamper, one in a wheat sack, and finally, one in a coffin-shaped basket. -Library Thing- |
| 650 ## - SUBJECT ADDED ENTRY--TOPICAL TERM |
| Topical term or geographic name entry element |
Juvenile Fiction |
| Form subdivision |
Family and Friendship |
| 655 ## - INDEX TERM--GENRE/FORM |
| Genre/form data or focus term |
Adventure |
| 700 ## - ADDED ENTRY--PERSONAL NAME |
| Personal name |
L.Rubio,Ayesha |
| Relator term |
iLLUSTRATOR |
| 942 ## - ADDED ENTRY ELEMENTS (KOHA) |
| Source of classification or shelving scheme |
|
| Koha item type |
Books - Fiction |